Statistics for 2017/18 Top 10 CB in the World

Click here to take the quiz!

General Stats

  • This quiz has been taken 16 times
  • The average score is 6 of 10

Answer Stats

RankPlayer% Correct
4Gerard Pique
85%
1Leonardo Bonucci
85%
7Sergio Ramos
85%
6Giorgio Chiellini
77%
5Jerome Boateng
69%
9Mats Hummels
69%
8Thiago Silva
69%
2Diego Godin
38%
10Laurent Koscielny
38%
3Phillipe Lahm
0%

Score Distribution

Percentile by Number Answered

Percent of People with Each Score

Your Score History

You have not taken this quiz